000 00384nam a2200109Ia 4500
008 171204s9999 xx 000 0 und d
245 _aDisability, Augmentative Communication, And The American Dream: A Qualitative Inquiry:
245 _cRonald J. Berger
260 _c2014
650 _xSPED 19: SPED Research
856 _uhttp://down.ebook777.com/027/DisAugComAndTheAmeDreAQuaInq.pdf
999 _c346592
_d346592